000 00326pam a2200157a 44500
008 230515b1913 xxu||||| |||| 00| 0 eng d
020 _aNULL
041 _aHINDI
082 _a1
100 _aSHARMA
245 _aCHIKITSASTAN
250 _a2
260 _aSANGALI
_bN.D.
_c1913
300 _a100
650 _aCHIKITSASTAN
999 _c496951
_d496951